000 01212nam a2200325 i 4500
001 42785
003 Mx-PuUPA
005 20251009151731.0
008 140415s2024 nyua fr 001 0 eng d
020 _a9781266937644
040 _cMx-PuUPA
_aMx-PuUPA
_bspa
_dMx-PuUPA
_erda
041 0 _aeng
100 1 _aHoward, William E.,
_q(William Edward),
_d1957-
_eautor
_917433
245 1 0 _aIntroduction to solid modeling using solidworks 2024 /
_cWilliam E. Howard, Joseph C. Musto
250 _aInternational Student Edition
264 1 _aNew York, NY :
_bMcGraw Hill,
_c©2024
300 _a408 páginas :
_bilustraciones (blanco y negro) ;
_c26 cm
336 _2rdacontent
_atexto
_btxt
337 _2rdamedia
_asin medio
_bn
338 _2rdacarrier
_avolumen
_bnc
650 7 _2armarc
_aSolidWorks
650 7 _2armarc
_aGráficos por computadora
650 7 _2armarc
_aModelos de ingeniería
650 7 _2armarc
_aDiseño asistido por computadora
700 1 _aMusto, Joseph C.,
_eautor
942 _2ddc
_cLI
_h620.0042028553
_iH84
999 _c42785
_d42785